Rozprávky a peniaze

O motivácii, vzorcoch správania, výchove a potrebe finančného vzdelávania prostredníctvom rozprávok.

Guardado en:
Detalles Bibliográficos
Autor principal: Škriniar, Pavel, 1979-
Formato: Capítulo de libro
Lenguaje:eslovaco
Materias:
Etiquetas: Agregar Etiqueta
Sin Etiquetas, Sea el primero en etiquetar este registro!

MARC

LEADER 00000naa a2200000 4500
001 0198604
005 20240502073345.5
041 0 |a slo 
044 |a SK 
245 1 0 |a Rozprávky a peniaze  |c Pavel Škriniar 
520 |a O motivácii, vzorcoch správania, výchove a potrebe finančného vzdelávania prostredníctvom rozprávok. 
610 2 0 |a peniaze 
610 2 0 |a financie 
610 2 0 |a vzdelávanie 
100 1 |a Škriniar, Pavel, 1979-